00599nam a2200205 a 4500001001300000003000900013005001700022008004100039020001200080082001600092100002500108245008100133260003700214300000900251500003500260505001000295650002300305650004000328700002500368nice12345678IN_TiNIC20260116013528.0050524s1997 cuma grp 000 0 eng  ac599.400a222.11bALE aAlexander, T Desmond aAbraham in the Negevb Source-Critical Investigation of Genesis 20: 1-22: 19 aCumbriabPaternoster Pressc1997 a172p aincludes index and biblioraphy2 aIndex aBible O.T. Genesis aBible O.T. Criticism & Interpretati1 aAlexander, T Desmond